000 01360nam0a22003131 4500
001 rc\4169501
005 20250611115834.0
021 _aRU
_b[49-28402]
035 _a(NLR Aleph) 008182211
090 _a7922823
_c7922823
100 _a20130415d1949 |||y0rusy50 ca
101 0 _arus
102 _aRU
105 _aa z |||||
200 1 _aПодземная гидравлика
_e[Учеб. пособие для нефт. вузов]
_fПод общ. ред. акад. Л.С. Лейбензона
210 _aМосква
_aЛенинград
_cГостоптехиздат
_d1949
_gТип. "Кр. печатник" в Л.
215 _a524 с.
_cил.
_d23
300 _aПеред загл. авт.: проф. В.Н. Щелкачев, проф. Б.Б. Лапук
320 _aБиблиогр.: с. 510-518 (227 назв.)
606 _aГидравлика подземная
_jУчебники и пособия
_2psbo
700 1 _aЩелкачев
_bВ.Н.
_gВладимир Николаевич
701 1 _aЛапук
_bБ.Б.
_gБернард Борисович
702 1 _4340
_7ca
_8rus
_aЛейбензон
_bЛ. С.
_f1879-1951
_gЛеонид Самуилович
_92641153
_3RU\NLR\AUTH\770271969
801 0 _aRU
_bNLR
_gpsbo
801 1 _aRU
_bELAR
_2rusmarc
852 _aNLR
_jГн02 Г-5/152
942 _cBOOK
980 _aNB